L'art de battre les prussiens / (Record no. 179864)

MARC details
000 -LEADER
campo de control de longitud fija 00600nam a2200181 i 4500
001 - NÚMERO DE CONTROL
campo de control 179864
003 - IDENTIFICADOR DE NÚMERO DE CONTROL
campo de control ES-MaACL
005 - FECHA Y HORA DE LA ÚLTIMA TRANSACCIÓN
campo de control 20230906220928.0
008 - DATOS DE LONGITUD FIJA--INFORMACIÓN GENERAL
campo de control de longitud fija 120215s1870 fr |||| | fre d
100 1# - ENTRADA PRINCIPAL--NOMBRE DE PERSONA
Nombre de persona Noir, Louis (
Fechas asociadas al nombre 1837-1901)
9 (RLIN) 149367
245 12 - MENCIÓN DEL TÍTULO
Título L'art de battre les prussiens /
Mención de responsabilidad, etc. Louis Noir.
260 ## - PUBLICACIÓN, DISTRIBUCIÓN, ETC.
Lugar de publicación, distribución, etc. Paris :
Nombre del editor, distribuidor, etc. A. Degorce-Cadot,
Fecha de publicación, distribución, etc. [1870?]
300 ## - DESCRIPCIÓN FÍSICA
Extensión 140, 16 p. ;
Dimensiones 19 cm.
500 ## - NOTA GENERAL
Nota general Las 16 p., son catálogo editorial.
650 #4 - PUNTO DE ACCESO ADICIONAL DE MATERIA--TÉRMINO DE MATERIA
Término de materia o nombre geográfico como elemento de entrada Sadowa, Batalla de, 1866.
9 (RLIN) 149368
650 #4 - PUNTO DE ACCESO ADICIONAL DE MATERIA--TÉRMINO DE MATERIA
Término de materia o nombre geográfico como elemento de entrada Guerra austro-prusiana, 1866.
9 (RLIN) 147715
852 ## - LOCALIZACIÓN
Ubicación ES-MaACL
Número de control de estantería D-2907
Nota libre .- Legado M. de la Fuente
Holdings
Estatus retirado Estado de pérdida Estado de daño No para préstamo Colección Biblioteca de origen Biblioteca actual Ubicación en estantería Fecha de adquisición Fuente de adquisición Total de préstamos Signatura topográfica completa Código de barras Visto por última vez Precio de reemplazo Tipo de ítem Koha
        Libros del s. XIX Biblioteca del Ateneo de Madrid Biblioteca del Ateneo de Madrid Sala Valle Inclán 15/02/2012     D-2907 901188958 23/02/2023 23/02/2023 Libro impreso antiguo